<?xml version="1.0" encoding="UTF-8"?>
<record
    xmlns:xsi="http://www.w3.org/2001/XMLSchema-instance"
    xsi:schemaLocation="http://www.loc.gov/MARC21/slim http://www.loc.gov/standards/marcxml/schema/MARC21slim.xsd"
    xmlns="http://www.loc.gov/MARC21/slim">

  <leader>01357nam a22002777a 4500</leader>
  <controlfield tag="005">20150124124024.0</controlfield>
  <controlfield tag="008">101011t      cr||||| |||| 00| 0 spa d</controlfield>
  <datafield tag="020" ind1=" " ind2=" ">
    <subfield code="a">9968380806 (obra completa)</subfield>
  </datafield>
  <datafield tag="020" ind1=" " ind2=" ">
    <subfield code="a">9968380008 (V.1)</subfield>
  </datafield>
  <datafield tag="020" ind1=" " ind2=" ">
    <subfield code="a">9968380024 (V.2)</subfield>
  </datafield>
  <datafield tag="020" ind1=" " ind2=" ">
    <subfield code="a">9968380040 (V.3)</subfield>
  </datafield>
  <datafield tag="020" ind1=" " ind2=" ">
    <subfield code="a">9968380067 (V.4)</subfield>
  </datafield>
  <datafield tag="050" ind1="0" ind2="4">
    <subfield code="a">KHA2501.C9</subfield>
    <subfield code="b">C53 2001</subfield>
  </datafield>
  <datafield tag="245" ind1="0" ind2="0">
    <subfield code="a">Cl&#xE1;sicos de la teor&#xED;a general del proceso /</subfield>
    <subfield code="c">James Goldschmidt, Niceto Alcal&#xE1;-Zamora, Hugo Alsina.</subfield>
  </datafield>
  <datafield tag="260" ind1=" " ind2=" ">
    <subfield code="a">San Jos&#xE9;, Costa Rica :</subfield>
    <subfield code="b">Editorial Jur&#xED;dica Universitaria,</subfield>
    <subfield code="c">2001</subfield>
  </datafield>
  <datafield tag="300" ind1=" " ind2=" ">
    <subfield code="a">4 v. ;</subfield>
    <subfield code="c">29 cm.</subfield>
  </datafield>
  <datafield tag="490" ind1=" " ind2="0">
    <subfield code="a">Biblioteca grandes maestros del derecho</subfield>
  </datafield>
  <datafield tag="500" ind1=" " ind2=" ">
    <subfield code="a">En la portada : La revisi&#xF3;n, edici&#xF3;n y caracter&#xED;sticas gr&#xE1;ficas actuales de esta obra fueron realizadas por la Asociaci&#xF3;n de Investigaciones Jur&#xED;dicas, A.C</subfield>
  </datafield>
  <datafield tag="504" ind1=" " ind2=" ">
    <subfield code="a">Incluye bibliograf&#xED;as e &#xED;ndice</subfield>
  </datafield>
  <datafield tag="505" ind1="0" ind2=" ">
    <subfield code="a">Contenido : V.1 Principios generales del proceso / James Goldschmidt -- V.2 Proceso, autocomposici&#xF3;n y autodefensa / Niceto Alcal&#xE1; Zamora -- V.3 Estudios de teor&#xED;a e historia del proceso / Niceto Alcal&#xE1; Zamora -- V.4 Fundamentos de derecho procesal / Hugo Alsina. </subfield>
  </datafield>
  <datafield tag="650" ind1=" " ind2="7">
    <subfield code="2">Lemb</subfield>
    <subfield code="a">Derecho - Procedimiento</subfield>
    <subfield code="z">Argentina</subfield>
  </datafield>
  <datafield tag="700" ind1="1" ind2=" ">
    <subfield code="a">Goldschmidt, James,</subfield>
    <subfield code="e">coaut.</subfield>
  </datafield>
  <datafield tag="700" ind1="1" ind2=" ">
    <subfield code="a">Alcal&#xE1;-Zamora, Niceto,</subfield>
    <subfield code="e">coaut.</subfield>
  </datafield>
  <datafield tag="700" ind1="1" ind2=" ">
    <subfield code="a">Alsina, Hugo,</subfield>
    <subfield code="e">coaut.</subfield>
  </datafield>
  <datafield tag="942" ind1=" " ind2=" ">
    <subfield code="2">lcc</subfield>
    <subfield code="c">LIB</subfield>
  </datafield>
  <datafield tag="999" ind1=" " ind2=" ">
    <subfield code="c">34516</subfield>
    <subfield code="d">34516</subfield>
  </datafield>
  <datafield tag="952" ind1=" " ind2=" ">
    <subfield code="1">0</subfield>
    <subfield code="2">lcc</subfield>
    <subfield code="4">0</subfield>
    <subfield code="7">0</subfield>
    <subfield code="a">BCLC</subfield>
    <subfield code="b">BCLC</subfield>
    <subfield code="c">GENERAL</subfield>
    <subfield code="d">2012-11-06</subfield>
    <subfield code="e">pifi 2010</subfield>
    <subfield code="k">Ciencias sociales y administrativas</subfield>
    <subfield code="o">KHA2501.C9 C53 2001 V.1</subfield>
    <subfield code="p">BCLC000000829</subfield>
    <subfield code="r">2015-01-16 00:00:00</subfield>
    <subfield code="t">1</subfield>
    <subfield code="y">LIB</subfield>
  </datafield>
  <datafield tag="952" ind1=" " ind2=" ">
    <subfield code="1">0</subfield>
    <subfield code="2">lcc</subfield>
    <subfield code="4">0</subfield>
    <subfield code="7">0</subfield>
    <subfield code="a">BCLC</subfield>
    <subfield code="b">BCLC</subfield>
    <subfield code="c">GENERAL</subfield>
    <subfield code="d">2012-11-06</subfield>
    <subfield code="e">pifi 2010</subfield>
    <subfield code="k">Ciencias sociales y administrativas</subfield>
    <subfield code="o">KHA2501.C9 C53 2001 V.2</subfield>
    <subfield code="p">BCLC000000830</subfield>
    <subfield code="r">2015-01-16 00:00:00</subfield>
    <subfield code="t">1</subfield>
    <subfield code="y">LIB</subfield>
  </datafield>
  <datafield tag="952" ind1=" " ind2=" ">
    <subfield code="1">0</subfield>
    <subfield code="2">lcc</subfield>
    <subfield code="4">0</subfield>
    <subfield code="7">0</subfield>
    <subfield code="a">BCLC</subfield>
    <subfield code="b">BCLC</subfield>
    <subfield code="c">GENERAL</subfield>
    <subfield code="d">2012-11-06</subfield>
    <subfield code="e">pifi 2010</subfield>
    <subfield code="k">Ciencias sociales y administrativas</subfield>
    <subfield code="o">KHA2501.C9 C53 2001 V.3</subfield>
    <subfield code="p">BCLC000000831</subfield>
    <subfield code="r">2015-01-16 00:00:00</subfield>
    <subfield code="t">1</subfield>
    <subfield code="y">LIB</subfield>
  </datafield>
  <datafield tag="952" ind1=" " ind2=" ">
    <subfield code="1">0</subfield>
    <subfield code="2">lcc</subfield>
    <subfield code="4">0</subfield>
    <subfield code="7">0</subfield>
    <subfield code="a">BCLC</subfield>
    <subfield code="b">BCLC</subfield>
    <subfield code="c">GENERAL</subfield>
    <subfield code="d">2012-11-06</subfield>
    <subfield code="e">pifi 2010</subfield>
    <subfield code="k">Ciencias sociales y administrativas</subfield>
    <subfield code="o">KHA2501.C9 C53 2001 V.4</subfield>
    <subfield code="p">BCLC000000832</subfield>
    <subfield code="r">2015-01-16 00:00:00</subfield>
    <subfield code="t">1</subfield>
    <subfield code="y">LIB</subfield>
  </datafield>
  <datafield tag="952" ind1=" " ind2=" ">
    <subfield code="1">0</subfield>
    <subfield code="2">lcc</subfield>
    <subfield code="4">0</subfield>
    <subfield code="7">0</subfield>
    <subfield code="a">BCLC</subfield>
    <subfield code="b">BCLC</subfield>
    <subfield code="c">GENERAL</subfield>
    <subfield code="d">2012-11-06</subfield>
    <subfield code="e">pifi 2010</subfield>
    <subfield code="k">Ciencias sociales y administrativas</subfield>
    <subfield code="o">KHA2501.C9 C53 2001 V.1</subfield>
    <subfield code="p">BCLC000000833</subfield>
    <subfield code="r">2015-01-16 00:00:00</subfield>
    <subfield code="t">2</subfield>
    <subfield code="y">LIB</subfield>
  </datafield>
  <datafield tag="952" ind1=" " ind2=" ">
    <subfield code="1">0</subfield>
    <subfield code="2">lcc</subfield>
    <subfield code="4">0</subfield>
    <subfield code="7">0</subfield>
    <subfield code="a">BCLC</subfield>
    <subfield code="b">BCLC</subfield>
    <subfield code="c">GENERAL</subfield>
    <subfield code="d">2012-11-06</subfield>
    <subfield code="e">pifi 2010</subfield>
    <subfield code="k">Ciencias sociales y administrativas</subfield>
    <subfield code="o">KHA2501.C9 C53 2001 V.2</subfield>
    <subfield code="p">BCLC000000834</subfield>
    <subfield code="r">2015-01-16 00:00:00</subfield>
    <subfield code="t">2</subfield>
    <subfield code="y">LIB</subfield>
  </datafield>
  <datafield tag="952" ind1=" " ind2=" ">
    <subfield code="1">0</subfield>
    <subfield code="2">lcc</subfield>
    <subfield code="4">0</subfield>
    <subfield code="7">0</subfield>
    <subfield code="a">BCLC</subfield>
    <subfield code="b">BCLC</subfield>
    <subfield code="c">GENERAL</subfield>
    <subfield code="d">2012-11-06</subfield>
    <subfield code="e">pifi 2010</subfield>
    <subfield code="k">Ciencias sociales y administrativas</subfield>
    <subfield code="o">KHA2501.C9 C53 2001 V.3</subfield>
    <subfield code="p">BCLC000000835</subfield>
    <subfield code="r">2015-01-16 00:00:00</subfield>
    <subfield code="t">2</subfield>
    <subfield code="y">LIB</subfield>
  </datafield>
  <datafield tag="952" ind1=" " ind2=" ">
    <subfield code="1">0</subfield>
    <subfield code="2">lcc</subfield>
    <subfield code="4">0</subfield>
    <subfield code="7">0</subfield>
    <subfield code="a">BCLC</subfield>
    <subfield code="b">BCLC</subfield>
    <subfield code="c">GENERAL</subfield>
    <subfield code="d">2012-11-06</subfield>
    <subfield code="e">pifi 2010</subfield>
    <subfield code="k">Ciencias sociales y administrativas</subfield>
    <subfield code="o">KHA2501.C9 C53 2001 V.4</subfield>
    <subfield code="p">BCLC000000836</subfield>
    <subfield code="r">2015-01-16 00:00:00</subfield>
    <subfield code="t">2</subfield>
    <subfield code="y">LIB</subfield>
  </datafield>
  <datafield tag="952" ind1=" " ind2=" ">
    <subfield code="1">0</subfield>
    <subfield code="2">lcc</subfield>
    <subfield code="4">0</subfield>
    <subfield code="7">0</subfield>
    <subfield code="a">BCLC</subfield>
    <subfield code="b">BCLC</subfield>
    <subfield code="c">GENERAL</subfield>
    <subfield code="d">2012-11-06</subfield>
    <subfield code="e">pifi 2010</subfield>
    <subfield code="k">Ciencias sociales y administrativas</subfield>
    <subfield code="o">KHA2501.C9 C53 2001 V.1</subfield>
    <subfield code="p">BCLC000000837</subfield>
    <subfield code="r">2015-01-16 00:00:00</subfield>
    <subfield code="t">3</subfield>
    <subfield code="y">LIB</subfield>
  </datafield>
  <datafield tag="952" ind1=" " ind2=" ">
    <subfield code="1">0</subfield>
    <subfield code="2">lcc</subfield>
    <subfield code="4">0</subfield>
    <subfield code="7">0</subfield>
    <subfield code="a">BCLC</subfield>
    <subfield code="b">BCLC</subfield>
    <subfield code="c">GENERAL</subfield>
    <subfield code="d">2012-11-06</subfield>
    <subfield code="e">pifi 2010</subfield>
    <subfield code="k">Ciencias sociales y administrativas</subfield>
    <subfield code="o">KHA2501.C9 C53 2001 V.2</subfield>
    <subfield code="p">BCLC000000838</subfield>
    <subfield code="r">2015-01-16 00:00:00</subfield>
    <subfield code="t">3</subfield>
    <subfield code="y">LIB</subfield>
  </datafield>
  <datafield tag="952" ind1=" " ind2=" ">
    <subfield code="1">0</subfield>
    <subfield code="2">lcc</subfield>
    <subfield code="4">0</subfield>
    <subfield code="7">0</subfield>
    <subfield code="a">BCLC</subfield>
    <subfield code="b">BCLC</subfield>
    <subfield code="c">GENERAL</subfield>
    <subfield code="d">2012-11-06</subfield>
    <subfield code="e">pifi 2010</subfield>
    <subfield code="k">Ciencias sociales y administrativas</subfield>
    <subfield code="o">KHA2501.C9 C53 2001 V.3</subfield>
    <subfield code="p">BCLC000000839</subfield>
    <subfield code="r">2015-01-16 00:00:00</subfield>
    <subfield code="t">3</subfield>
    <subfield code="y">LIB</subfield>
  </datafield>
  <datafield tag="952" ind1=" " ind2=" ">
    <subfield code="1">0</subfield>
    <subfield code="2">lcc</subfield>
    <subfield code="4">0</subfield>
    <subfield code="7">0</subfield>
    <subfield code="a">BCLC</subfield>
    <subfield code="b">BCLC</subfield>
    <subfield code="c">GENERAL</subfield>
    <subfield code="d">2012-11-06</subfield>
    <subfield code="e">pifi 2010</subfield>
    <subfield code="k">Ciencias sociales y administrativas</subfield>
    <subfield code="o">KHA2501.C9 C53 2001 V.4</subfield>
    <subfield code="p">BCLC000000840</subfield>
    <subfield code="r">2015-01-16 00:00:00</subfield>
    <subfield code="t">3</subfield>
    <subfield code="y">LIB</subfield>
  </datafield>
</record>
